Central Library OPAC University of Rajshahi

Investigation of new solutions to fractional differential equations by using some analytical Methods / (Record no. 81277)

MARC details
000 -LEADER
fixed length control field 01169nam a22002657a 4500
001 - CONTROL NUMBER
RUCL Control Number 81277
003 - CONTROL NUMBER IDENTIFIER
rucl marc code BD-RjUL
005 - DATE AND TIME OF LATEST TRANSACTION
control field 20230304171055.0
008 - FIXED-LENGTH DATA ELEMENTS--GENERAL INFORMATION
fixed length control field 230304s2019 bg a|||| m||| 00| 0 eng d
035 ## - SYSTEM CONTROL NUMBER
system control number (BD-RjUL)81277
040 ## - CATALOGING SOURCE
Original cataloging agency BD-RjUL
Language of cataloging eng
Transcribing agency BD-RjUL
Modifying agency BD-RjUL
041 ## - LANGUAGE CODE
Language code of Book eng
082 ## - DEWEY DECIMAL CLASSIFICATION NUMBER
DDC Edition number 23
Classification number 515.35
Author mark and Year UDI 2019
100 ## - MAIN ENTRY--PERSONAL NAME
Personal name Uddin, Md. Hafiz
9 (RLIN) 7123
245 10 - TITLE STATEMENT
Title Investigation of new solutions to fractional differential equations by using some analytical Methods /
Statement of responsibility, etc By Md. Hafiz Uddin ;
Name of Supervisor/Co-Supervisor Supervisor : Md. Abdul Haque, Co-Supervisor : Md. Ali Akbar, Co-Supervisor : Md. Ashrafuzzaman Khan,
260 ## - PUBLICATION, DISTRIBUTION, ETC. (IMPRINT)
Place of publication, distribution, etc Rajshahi :
Name of publisher, distributor, etc Department of Applied Mathematics Faculty of Science, University of Rajshahi,
Date of publication, distribution, etc 2019
300 ## - PHYSICAL DESCRIPTION
Pagination xiv, 125 leaves :
Other physical details ill, ;
Dimensions 29.cm.
502 ## - DISSERTATION NOTE
Dissertation note Thesis (Ph. D.) -- Department of Applied Mathematics Faculty of Science, University of Rajshahi, 2019
504 ## - BIBLIOGRAPHY, ETC. NOTE
Bibliography, etc References : Leaves 108 - 125
650 ## - SUBJECT ADDED ENTRY--TOPICAL TERM
Topical term or geographic name as entry element Differential equations
Form subdivision Analysis
9 (RLIN) 7124
700 ## - ADDED ENTRY--SUPERVISOR/CO-SUPERVISOR NAME
Personal name Haque, Md. Abdul, Supervisor
9 (RLIN) 7125
Personal name Akbar, Md. Ali, Co-Supervisor
9 (RLIN) 4672
Personal name Khan, Md. Ashrafuzzaman, Co-Supervisor
9 (RLIN) 7126
942 ## - ADDED ENTRY ELEMENTS (KOHA)
Source of classification or shelving scheme Dewey Decimal Classification
Koha item type Theses
Holdings
Source of classification or shelving scheme Damaged status Not for loan Collection code Permanent Location Current Location Shelving location Date of accession Source of acquisition Total Checkouts Full call number Barcode Date last seen Copy number Thesis
Dewey Decimal Classification   Not For Loan Theses Central Library, University of Rajshahi Central Library, University of Rajshahi Documentation Section 19/12/2021 Controller of Exam. R.U.   THE515.35 UDI 2019 D4436 04/03/2023 C-1 Theses